000 00763nam a2200205 i 4500
001 81809
003 ES-MaACL
005 20250407063105.0
007 t|
008 041108s1944 sp ||||1| spa d
100 1 _aIbáñez de Ibero, Carlos,
_cMarqués de Mulhacén,
_d1888-1966
_9151481
245 1 0 _aDon Juan de Austria
_b: político e innovador /
_cpor Carlos Ibáñez de Ibero, Marqués de Mulhacén.
260 _aMadrid :
_bAfrodisio Aguado,
_c[1944]
300 _a340 p., 9 lám. ;
_c22 cm.
600 1 4 _aAustria, Juan de (
_d1545-1578)
_9151484
651 4 _aEspaña-
_xHistoria-
_y1556-1598, Felipe II.
_98218
651 4 _aEspaña-
_xPolítica exterior-
_y1556-1598.
_9151485
852 _aES-MaACL
_jC-9539
_bR.37688
999 _c81809
_d81809